A tale of ten cities (Record no. 70530)
[ view plain ]
| 000 -LEADER | |
|---|---|
| fixed length control field | 00887cam a2200181 4500 |
| 001 - CONTROL NUMBER | |
| control field | X118475 |
| 008 - FIXED-LENGTH DATA ELEMENTS--GENERAL INFORMATION | |
| fixed length control field | 020620n2002 000 0 eng u |
| 035 ## - SYSTEM CONTROL NUMBER | |
| System control number | (Sirsi) u118475 |
| 100 ## - MAIN ENTRY--PERSONAL NAME | |
| Personal name | Dye, C |
| 245 #2 - TITLE STATEMENT | |
| Title | A tale of ten cities |
| 260 ## - PUBLICATION, DISTRIBUTION, ETC. | |
| Date of publication, distribution, etc. | 2002 |
| 490 ## - SERIES STATEMENT | |
| Series statement | New Law Journal |
| Volume/sequential designation | Expert Witness Supplement February 2002, 258-259(2) |
| 520 ## - SUMMARY, ETC. | |
| Summary, etc. | Offers practical suggestions for lawyers dealing with expert witnesses in complex multi-party actions. Stresses importance of knowing what each particular claimant or defendant requires from their experts, and finding the right expert for them. Ideas given as to how to deal with experts in different time zones, and experts who do not speak English. Outlines five points to remember when dealing with multiple experts. |
| 650 ## - SUBJECT ADDED ENTRY--TOPICAL TERM | |
| Topical term or geographic name entry element | EXPERT WITNESSES |
| 650 ## - SUBJECT ADDED ENTRY--TOPICAL TERM | |
| Topical term or geographic name entry element | EXPERT EVIDENCE |
| 690 ## - LOCAL SUBJECT ADDED ENTRY--TOPICAL TERM (OCLC, RLIN) | |
| Topical term or geographic name as entry element | Dispute resolution |
| 9 (RLIN) | 6236 |
| 942 ## - ADDED ENTRY ELEMENTS (KOHA) | |
| Suppress in OPAC | 0 |
| Withdrawn status | Lost status | Source of classification or shelving scheme | Damaged status | Not for loan | Home library | Current library | Shelving location | Date acquired | Total Checkouts | Barcode | Date last seen | Copy number | Price effective from | Koha item type |
|---|---|---|---|---|---|---|---|---|---|---|---|---|---|---|
| Dewey Decimal Classification | London | London | Journal article | 20/06/2002 | 118475-1001 | 06/08/2019 | 1 | 06/08/2019 | Journal article |